| 000 | 00000nas 2200000zi 4500 |
| 001 | 9.920385 |
| 003 | CaOODSP |
| 005 | 20231129100508 |
| 006 | m o d f |
| 007 | cr ||||||||||| |
| 008 | 230223d19231936oncar p os f0###a0eng|d |
| 022 | |z0837-9580 |
| 040 | |aCaOODSP|beng|erda|cCaOODSP |
| 043 | |an-cn--- |
| 086 | 1 |aCS81-D-20E-PDF |
| 245 | 00|aAnnual survey of education in Canada. |
| 264 | 1|aOttawa : |bDominion Bureau of Statistics, |c1925-1938. |
| 310 | |aAnnual |
| 336 | |atext|btxt|2rdacontent |
| 337 | |acomputer|bc|2rdamedia |
| 338 | |aonline resource|bcr|2rdacarrier |
| 362 | 1 |aBegan with 1923, ceased with 1936. |
| 500 | |aIssued also in French under title: Aperçu annuel sur l'éducation au Canada. |
| 500 | |aDigitized edition from print [by Statistics Canada]. |
| 580 | |aSplit into: Biennial survey of education in Canada. Pt. 1, Elementary and secondary education in Canada; and, Biennial survey of education in Canada. Pt. 2, Higher education in Canada; and, Biennial survey of education in Canada. Pt. 3, Libraries in Canada. |
| 588 | |aDescription based on: 1936. |
| 588 | |aLatest issue consulted: 1936. |
| 650 | 0|aEducation|zCanada|vStatistics|vPeriodicals. |
| 650 | 0|aEducation|zCanada|xStatistics|vPeriodicals. |
| 650 | 0|aEducational surveys|zCanada. |
| 655 | 7|aPeriodicals|2lcgft |
| 710 | 1 |aCanada. |bDominion Bureau of Statistics, |eissuing body. |
| 775 | 08|tAperçu annuel sur l'éducation au Canada |w(CaOODSP)9.813930 |
| 775 | 08|tAperçu annuel sur l'instruction publique au Canada.|w(CaOODSP)9.920411 |
| 780 | 00|tAnnual report on education statistics in Canada / |w(CaOODSP)9.920431 |